000
00311nam a2200133Ia 4500
005
20251222144727.0
008
251222s9999||||xx |||||||||||||| ||spa||
020
_a
968-444-442-7
082
_a
338.5/P26
100
_a
Parkin, Michael
245
0
_a
MicroeconomÃa
264
_b
Pearson Educación
942
_c
LIB
999
_c
18420
_d
18420